[Event "23. Torneo San Viator"]
[Site "Madrid ESP"]
[Date "2014.11.09"]
[Round "7.4"]
[White "Lopez Benitez, David"]
[Black "Cabanas Bravo, Juan Andres"]
[Result "0-1"]
[WhiteElo "1709"]
[BlackElo "2058"]
[PlyCount "118"]
[EventDate "2014.09.28"]
[EventType "swiss"]
[EventRounds "9"]
[EventCountry "ESP"]
[SourceTitle "Ajedrez en Madrid"]
[Source "lmi"]
[SourceDate "2014.09.28"]
[SourceVersion "1"]
[SourceVersionDate "2014.12.18"]
[SourceQuality "1"]

1. Nf3 Nf6 2. g3 g6 3. Bg2 Bg7 4. O-O O-O 5. d3 d5 6. Nbd2 d4 7. Re1 Nd5 8. a3
c5 9. Rb1 Nc6 10. Nc4 b5 11. Ncd2 h6 12. Ne4 Qb6 13. h3 f5 14. Ned2 Be6 15. Nf1
f4 16. g4 g5 17. e3 fxe3 18. fxe3 dxe3 19. Bxe3 Nxe3 20. Nxe3 Rf4 21. Kh1 Rd8
22. Qe2 Ba2 23. Ra1 Bf7 24. Rab1 Qc7 25. Nf5 Bf8 26. Rbd1 e6 27. Ne3 Nd4 28.
Nxd4 cxd4 29. Nf1 Bd6 30. Nh2 Rc8 31. Rc1 Qa5 32. Rf1 b4 33. Qe1 Rxf1+ 34. Nxf1
Bf4 35. Ra1 Rxc2 36. axb4 Qb5 37. Qd1 Rxb2 38. Rxa7 Qxb4 39. Rb7 Qc3 40. Ra7
Rc2 41. Qf3 Qe1 42. Qa8+ Kg7 43. Qe8 Rc7 44. Qd8 Qc3 45. Ra8 Qxd3 46. Qh8+ Kg6
47. Rg8+ Bxg8 48. Qxg8+ Kf6 49. Qf8+ Rf7 50. Qxh6+ Ke7 51. Qh8 Bc1 52. Kg1 Be3+
53. Nxe3 Qxe3+ 54. Kh2 Qf4+ 55. Kg1 Qc1+ 56. Kh2 d3 57. Qa8 Qf4+ 58. Kg1 Qd4+
59. Kh2 d2 0-1

[Event "23. Torneo San Viator"]
[Site "Madrid ESP"]
[Date "2014.11.09"]
[Round "7.5"]
[White "Perdomo Araujo, Angel Eduardo"]
[Black "Soto Martin, Miguel"]
[Result "1-0"]
[WhiteElo "2055"]
[BlackElo "1658"]
[PlyCount "87"]
[EventDate "2014.09.28"]
[EventType "swiss"]
[EventRounds "9"]
[EventCountry "ESP"]
[SourceTitle "Ajedrez en Madrid"]
[Source "lmi"]
[SourceDate "2014.09.28"]
[SourceVersion "1"]
[SourceVersionDate "2014.12.18"]
[SourceQuality "1"]

1. e4 c5 2. Nf3 e6 3. d4 cxd4 4. Nxd4 a6 5. c4 Nf6 6. Bd3 Bb4+ 7. Bd2 Bc5 8.
Nb3 Bd6 9. O-O Qc7 10. f4 Bc5+ 11. Kh1 d6 12. Qe2 Nbd7 13. Nc3 O-O 14. Rae1 Bb4
15. e5 Ne8 16. a3 Bc5 17. Ne4 Qb6 18. Bc2 Bd4 19. Ba5 Qa7 20. Qd3 dxe5 21. fxe5
Bxe5 22. Nec5 Ndf6 23. Rxe5 b6 24. Ne4 Nd7 25. Bc3 Nxe5 26. Bxe5 f6 27. Nd6 f5
28. Nd4 Nxd6 29. Bxd6 Re8 30. b4 Bb7 31. c5 Be4 32. Qd2 Bxc2 33. Qxc2 bxc5 34.
bxc5 Qd7 35. Qc4 Kh8 36. Re1 Rab8 37. Bxb8 Rxb8 38. c6 Qc7 39. h3 Qa5 40. Qxe6
Qxa3 41. c7 Rf8 42. c8=R a5 43. Rxf8+ Qxf8 44. Nxf5 1-0

[Event "23. Torneo San Viator"]
[Site "Madrid ESP"]
[Date "2014.11.09"]
[Round "7.6"]
[White "Gutierrez Soto, Sergio"]
[Black "Sotoca Aguado, Jose"]
[Result "0-1"]
[WhiteElo "1409"]
[BlackElo "1948"]
[PlyCount "96"]
[EventDate "2014.09.28"]
[EventType "swiss"]
[EventRounds "9"]
[EventCountry "ESP"]
[SourceTitle "Ajedrez en Madrid"]
[Source "lmi"]
[SourceDate "2014.09.28"]
[SourceVersion "1"]
[SourceVersionDate "2014.12.18"]
[SourceQuality "1"]

1. c4 e5 2. g3 Nf6 3. Nc3 d5 4. cxd5 Nxd5 5. Bg2 Nb6 6. d3 Be7 7. Nf3 Nc6 8.
O-O O-O 9. a3 Be6 10. Ne4 h6 11. b4 f6 12. Nh4 Kh7 13. Bf3 Nd4 14. Bg2 Rb8 15.
Bb2 g5 16. Nf3 Qd7 17. e3 Bb3 18. Qb1 Nc2 19. d4 f5 20. Nxe5 Qe6 21. Bc3 Nxa1
22. Bxa1 Bd5 23. Nc5 Bxc5 24. dxc5 Bxg2 25. Kxg2 Nc4 26. Nxc4 Qxc4 27. Rd1 Rf7
28. Rd4 Qe6 29. Qd3 Rbf8 30. h4 Qg6 31. hxg5 hxg5 32. Qc4 f4 33. f3 g4 34. exf4
gxf3+ 35. Kxf3 Rg7 36. Qd3 Rfg8 37. Qxg6+ Rxg6 38. Rd7+ Kh6 39. Rd1 Rxg3+ 40.
Ke4 Re8+ 41. Be5 Re7 42. Rh1+ Kg6 43. a4 Rb3 44. f5+ Kf7 45. Rh7+ Ke8 46. Rh8+
Kd7 47. b5 Rb4+ 48. Kd5 c6+ 0-1

[Event "23. Torneo San Viator"]
[Site "Madrid ESP"]
[Date "2014.11.09"]
[Round "7.7"]
[White "Ruiz Sanchez, Roberto"]
[Black "Perez Ordonez, Jose Ramon"]
[Result "0-1"]
[WhiteElo "1910"]
[BlackElo "1513"]
[PlyCount "44"]
[EventDate "2014.09.28"]
[EventType "swiss"]
[EventRounds "9"]
[EventCountry "ESP"]
[SourceTitle "Ajedrez en Madrid"]
[Source "lmi"]
[SourceDate "2014.09.28"]
[SourceVersion "1"]
[SourceVersionDate "2014.12.18"]
[SourceQuality "1"]

1. e4 e5 2. Nf3 Nc6 3. Bb5 a6 4. Ba4 Nf6 5. O-O b5 6. Bb3 Bc5 7. c3 d6 8. a4
Bb7 9. d4 Bb6 10. Re1 O-O 11. Bg5 h6 12. Bh4 Re8 13. axb5 axb5 14. Rxa8 Bxa8
15. Na3 g5 16. Nxg5 hxg5 17. Bxg5 exd4 18. Nxb5 dxc3 19. Nxc3 Ne5 20. Kh1 Nfg4
21. Bxf7+ Nxf7 22. Qxg4 Qxg5 0-1

[Event "23. Torneo San Viator"]
[Site "Madrid ESP"]
[Date "2014.11.09"]
[Round "7.8"]
[White "Cervino Rossel, Cristobal"]
[Black "Bustos Bernardo, Samuel"]
[Result "1/2-1/2"]
[WhiteElo "2109"]
[BlackElo "1826"]
[PlyCount "122"]
[EventDate "2014.09.28"]
[EventType "swiss"]
[EventRounds "9"]
[EventCountry "ESP"]
[SourceTitle "Ajedrez en Madrid"]
[Source "lmi"]
[SourceDate "2014.09.28"]
[SourceVersion "1"]
[SourceVersionDate "2014.12.18"]
[SourceQuality "1"]

1. d4 Nf6 2. Nf3 a6 3. g3 c5 4. Bg2 g6 5. O-O Bg7 6. c3 O-O 7. dxc5 Qc7 8. b4
Nc6 9. Bb2 b6 10. cxb6 Qxb6 11. a3 a5 12. Nbd2 d5 13. e3 Ba6 14. Re1 Rfd8 15.
Qb3 e5 16. c4 e4 17. c5 Qb8 18. Nd4 Ne5 19. b5 Nd3 20. Rec1 Ng4 21. c6 Bxd4 22.
c7 Bxb2 23. cxb8=Q Raxb8 24. Rcb1 Bxa1 25. Rxa1 Rxb5 26. Qc3 Rc8 27. Qd4 Rc2
28. Nxe4 dxe4 29. Qxe4 Ngxf2 30. Qa8+ Bc8 31. a4 Rbc5 32. Rf1 Kg7 33. Qa7 Be6
34. Qe7 Rc1 35. Qd6 h6 36. Qd4+ Kh7 37. h4 Rxf1+ 38. Bxf1 Rd5 39. Qf6 Ng4 40.
Qc3 Nde5 41. Be2 Nd7 42. e4 Rc5 43. Qd4 Rc1+ 44. Kg2 Rc2 45. Kf1 Nde5 46. Ke1
Bc4 47. Bxg4 Nxg4 48. Kd1 Bb3 49. Ke1 Be6 50. Qb6 Rc4 51. Qxa5 Rxe4+ 52. Kd2
Ne5 53. Qa8 Nc4+ 54. Kc2 Re5 55. Kc3 Ra5 56. Qe8 h5 57. Kb4 Re5 58. Qd8 Na5 59.
Qc7 Rf5 60. Kc3 Nc4 61. Kb4 Re5 1/2-1/2

[Event "23. Torneo San Viator"]
[Site "Madrid ESP"]
[Date "2014.11.09"]
[Round "7.9"]
[White "Ore Leon, Gustavo"]
[Black "Lobato Rivero, Carlos"]
[Result "0-1"]
[WhiteElo "1785"]
[BlackElo "2009"]
[PlyCount "48"]
[EventDate "2014.09.28"]
[EventType "swiss"]
[EventRounds "9"]
[EventCountry "ESP"]
[SourceTitle "Ajedrez en Madrid"]
[Source "lmi"]
[SourceDate "2014.09.28"]
[SourceVersion "1"]
[SourceVersionDate "2014.12.18"]
[SourceQuality "1"]

1. e4 c5 2. Nf3 d6 3. d4 cxd4 4. Nxd4 Nf6 5. Nc3 g6 6. Be3 Bg7 7. Qd2 Nc6 8.
O-O-O Ng4 9. Bb5 Bd7 10. Bxc6 bxc6 11. Bg5 Rb8 12. f3 Ne5 13. Nb3 a5 14. a4 Be6
15. f4 Nc4 16. Qd3 Qb6 17. Nd5 cxd5 18. exd5 Nxb2 19. Qe2 Nxd1 20. Rxd1 f6 21.
Qxe6 fxg5 22. Re1 Qc7 23. Nxa5 Bb2+ 24. Kd1 Bc3 0-1

[Event "23. Torneo San Viator"]
[Site "Madrid ESP"]
[Date "2014.11.09"]
[Round "7.10"]
[White "Luna Hermoso, Angel"]
[Black "Soto Martin, Pablo"]
[Result "1/2-1/2"]
[WhiteElo "1955"]
[BlackElo "1781"]
[PlyCount "92"]
[EventDate "2014.09.28"]
[EventType "swiss"]
[EventRounds "9"]
[EventCountry "ESP"]
[SourceTitle "Ajedrez en Madrid"]
[Source "lmi"]
[SourceDate "2014.09.28"]
[SourceVersion "1"]
[SourceVersionDate "2014.12.18"]
[SourceQuality "1"]

1. Nf3 Nf6 2. c4 g6 3. Nc3 Bg7 4. d4 O-O 5. g3 d6 6. Bg2 Nbd7 7. Qc2 e5 8. dxe5
dxe5 9. Bg5 h6 10. Bxf6 Qxf6 11. Rd1 a5 12. Nd5 Qd8 13. c5 Ra6 14. a3 c6 15.
Nb6 Qe7 16. Nxc8 Rxc8 17. Bh3 f5 18. Qb3+ Kh8 19. Qxb7 Raa8 20. Rxd7 Qxc5 21.
Nh4 Qc1+ 22. Rd1 Qg5 23. Qf7 Rd8 24. O-O Kh7 25. Nxg6 f4 26. Bf5 fxg3 27. Nxe5+
Kh8 28. f4 gxh2+ 29. Kh1 Qg3 30. Qg6 Qxg6 31. Nxg6+ Kg8 32. Ne7+ Kf8 33. Rxd8+
Rxd8 34. Nxc6 Rd2 35. Bd3 a4 36. f5 Bxb2 37. Nb4 Bxa3 38. Nc2 Bd6 39. Kg2 a3
40. Ra1 a2 41. Ne3 Be5 42. Nc4 Bxa1 43. Nxd2 Bc3 44. Nb3 a1=Q 45. Nxa1 Bxa1 46.
Kxh2 Ke7 1/2-1/2

[Event "23. Torneo San Viator"]
[Site "Madrid ESP"]
[Date "2014.11.09"]
[Round "7.11"]
[White "Garcia Galeote, Lorenzo"]
[Black "Munoz Cebey, Ricardo"]
[Result "1-0"]
[WhiteElo "1950"]
[BlackElo "1779"]
[PlyCount "41"]
[EventDate "2014.09.28"]
[EventType "swiss"]
[EventRounds "9"]
[EventCountry "ESP"]
[SourceTitle "Ajedrez en Madrid"]
[Source "lmi"]
[SourceDate "2014.09.28"]
[SourceVersion "1"]
[SourceVersionDate "2014.12.18"]
[SourceQuality "1"]

1. d4 d5 2. Nf3 Nf6 3. Bf4 c5 4. c3 e6 5. e3 Nbd7 6. Nbd2 Be7 7. Bd3 b6 8. Ne5
Nxe5 9. dxe5 Nd7 10. h4 Bb7 11. Qg4 Bf8 12. Nf3 h6 13. Qh5 Be7 14. Ng5 Bxg5 15.
hxg5 Qc7 16. g6 O-O-O 17. gxf7 Rdf8 18. Qg6 Qc6 19. f3 c4 20. Bc2 Nc5 21. Qxg7
1-0

[Event "23. Torneo San Viator"]
[Site "Madrid ESP"]
[Date "2014.11.09"]
[Round "7.13"]
[White "Jimenez Gonzalez, Marcos"]
[Black "Quispe Arteaga, Gabriel"]
[Result "1/2-1/2"]
[WhiteElo "1887"]
[BlackElo "1777"]
[PlyCount "69"]
[EventDate "2014.09.28"]
[EventType "swiss"]
[EventRounds "9"]
[EventCountry "ESP"]
[SourceTitle "Ajedrez en Madrid"]
[Source "lmi"]
[SourceDate "2014.09.28"]
[SourceVersion "1"]
[SourceVersionDate "2014.12.18"]
[SourceQuality "1"]

1. e4 c5 2. Nf3 Nc6 3. d4 cxd4 4. Nxd4 g6 5. c4 Bg7 6. Be3 d6 7. Nc3 Nf6 8. Be2
O-O 9. O-O Bd7 10. Rc1 Rc8 11. Qd2 a6 12. Rfd1 Ng4 13. Nxc6 Rxc6 14. Bxg4 Bxg4
15. f3 Be6 16. Nd5 Qd7 17. b3 Bxd5 18. cxd5 Rxc1 19. Rxc1 Rc8 20. Rxc8+ Qxc8
21. Qc1 Qxc1+ 22. Bxc1 Kf8 23. Kf1 Ke8 24. Be3 b5 25. a4 Kd7 26. Ke2 Bc3 27.
Kd3 Bb4 28. f4 e6 29. g4 exd5 30. exd5 Bc5 31. Bd2 f5 32. g5 Bg1 33. axb5 axb5
34. h3 Bc5 35. b4 1/2-1/2

[Event "23. Torneo San Viator"]
[Site "Madrid ESP"]
[Date "2014.11.09"]
[Round "7.14"]
[White "Lianes Garcia, Marcos"]
[Black "San Felipe Gonzalez, Tomas"]
[Result "1-0"]
[WhiteElo "1870"]
[BlackElo "1700"]
[PlyCount "97"]
[EventDate "2014.09.28"]
[EventType "swiss"]
[EventRounds "9"]
[EventCountry "ESP"]
[SourceTitle "Ajedrez en Madrid"]
[Source "lmi"]
[SourceDate "2014.09.28"]
[SourceVersion "1"]
[SourceVersionDate "2014.12.18"]
[SourceQuality "1"]

1. e4 c5 2. a3 a6 3. Nf3 Nc6 4. Nc3 d6 5. d4 cxd4 6. Nxd4 Nf6 7. Be2 e5 8. Nb3
Be6 9. Be3 d5 10. exd5 Nxd5 11. Nxd5 Bxd5 12. O-O Bxb3 13. cxb3 Qxd1 14. Raxd1
f5 15. Bb6 Be7 16. Bc4 Bd8 17. Be3 f4 18. Bd2 Bf6 19. Rde1 O-O-O 20. Bc3 Rhe8
21. Re4 b5 22. Be2 Nd4 23. Bg4+ Kb7 24. b4 g6 25. Bd1 Rd5 26. Rfe1 Red8 27. Kf1
Kb6 28. Kg1 h6 29. Kf1 g5 30. Kg1 Bh8 31. Bh5 Nc2 32. Rc1 Nd4 33. Bf7 R5d7 34.
Ba2 Nc6 35. Bb3 Nd4 36. Bd1 Rd6 37. Bg4 Nb3 38. Rce1 Nd4 39. Kf1 Nc2 40. Rc1
Nd4 41. Bxd4+ Rxd4 42. Bf3 Rd2 43. Ree1 R8d6 44. Rc8 Bg7 45. Rb8+ Kc7 46. Rb7+
Kc8 47. Rxg7 Rxb2 48. Rc1+ Kd8 49. Bg4 1-0

[Event "23. Torneo San Viator"]
[Site "Madrid ESP"]
[Date "2014.11.09"]
[Round "7.15"]
[White "Garcia Ruido, Ricardo"]
[Black "Martinez De Navascues, Francis"]
[Result "1-0"]
[WhiteElo "2063"]
[BlackElo "1760"]
[PlyCount "85"]
[EventDate "2014.09.28"]
[EventType "swiss"]
[EventRounds "9"]
[EventCountry "ESP"]
[SourceTitle "Ajedrez en Madrid"]
[Source "lmi"]
[SourceDate "2014.09.28"]
[SourceVersion "1"]
[SourceVersionDate "2014.12.18"]
[SourceQuality "1"]

1. d4 Nf6 2. c4 e6 3. Nf3 b6 4. a3 Bb7 5. Nc3 Be7 6. d5 O-O 7. e4 exd5 8. cxd5
Re8 9. Bd3 c6 10. O-O cxd5 11. exd5 d6 12. Re1 Na6 13. Bb5 Nd7 14. Nd4 Nc7 15.
Bc6 Qc8 16. Nf5 Bf8 17. Rxe8 Nxe8 18. Nh6+ gxh6 19. Qg4+ Ng7 20. Bxd7 Qd8 21.
Bxh6 Bc8 22. Bxc8 Rxc8 23. Re1 f5 24. Qf3 Qd7 25. g3 Re8 26. Rd1 Re7 27. Ne2
Qe8 28. Be3 Qb5 29. Rd2 Re5 30. Kg2 Qc4 31. h4 Re4 32. h5 Rg4 33. h6 Nh5 34.
Qxf5 Qe4+ 35. Qxe4 Rxe4 36. Nd4 Nxg3 37. Kxg3 Be7 38. Rc2 Bf6 39. Rc8+ Kf7 40.
Nb5 Be5+ 41. Kf3 a6 42. Kxe4 axb5 43. Bd4 1-0

[Event "23. Torneo San Viator"]
[Site "Madrid ESP"]
[Date "2014.11.09"]
[Round "7.16"]
[White "Rodriguez Valero, Martin"]
[Black "Gil Sierra, Jacinto"]
[Result "1/2-1/2"]
[WhiteElo "1814"]
[BlackElo "1986"]
[PlyCount "75"]
[EventDate "2014.09.28"]
[EventType "swiss"]
[EventRounds "9"]
[EventCountry "ESP"]
[SourceTitle "Ajedrez en Madrid"]
[Source "lmi"]
[SourceDate "2014.09.28"]
[SourceVersion "1"]
[SourceVersionDate "2014.12.18"]
[SourceQuality "1"]

1. e4 c5 2. Nc3 Nc6 3. g3 g6 4. Bg2 Bg7 5. d3 d6 6. Be3 Nf6 7. h3 Bd7 8. Qd2
Rb8 9. Nge2 Qc8 10. Bh6 O-O 11. Bxg7 Kxg7 12. g4 e5 13. O-O h6 14. f4 Qd8 15.
Rf2 Nd4 16. Raf1 Nxe2+ 17. Qxe2 exf4 18. Rxf4 Nh7 19. e5 Be6 20. Nb5 d5 21. c4
dxc4 22. dxc4 b6 23. Nd6 Qh4 24. Kh2 Rbd8 25. Bd5 Ng5 26. Qg2 h5 27. Nf5+ gxf5
28. gxf5 Bxd5 29. cxd5 Qxh3+ 30. Qxh3 Nxh3 31. Kxh3 Rxd5 32. Rg1+ Kh6 33. Kh4
Rxe5 34. Rg5 Re2 35. Rxh5+ Kg7 36. f6+ Kg6 37. Rg5+ Kh6 38. Rh5+ 1/2-1/2

[Event "23. Torneo San Viator"]
[Site "Madrid ESP"]
[Date "2014.11.09"]
[Round "7.17"]
[White "Marcos Herrero, Francisco"]
[Black "Sirera Ripoll, Jose"]
[Result "1-0"]
[WhiteElo "1918"]
[BlackElo "1761"]
[PlyCount "51"]
[EventDate "2014.09.28"]
[EventType "swiss"]
[EventRounds "9"]
[EventCountry "ESP"]
[SourceTitle "Ajedrez en Madrid"]
[Source "lmi"]
[SourceDate "2014.09.28"]
[SourceVersion "1"]
[SourceVersionDate "2014.12.18"]
[SourceQuality "1"]

1. Nf3 Nf6 2. g3 d5 3. d4 g6 4. c4 Bg7 5. Bg2 dxc4 6. Qa4+ c6 7. Qxc4 O-O 8.
Nbd2 Na6 9. O-O Be6 10. Qa4 Bd5 11. Rd1 Qb6 12. a3 Nc7 13. b3 Nb5 14. Nc4 Qd8
15. Bb2 Ne4 16. Rac1 Nc7 17. Na5 Rb8 18. b4 Qd7 19. Ne5 Qe6 20. Qc2 Qf5 21. f3
Qg5 22. fxe4 Qe3+ 23. Kh1 e6 24. Rd3 Qg5 25. Nf3 Qg4 26. exd5 1-0

[Event "23. Torneo San Viator"]
[Site "Madrid ESP"]
[Date "2014.11.09"]
[Round "7.18"]
[White "Uceda Martinez, Jacinto"]
[Black "Garcia Sanjuan, Jose"]
[Result "0-1"]
[WhiteElo "1795"]
[BlackElo "1895"]
[PlyCount "110"]
[EventDate "2014.09.28"]
[EventType "swiss"]
[EventRounds "9"]
[EventCountry "ESP"]
[SourceTitle "Ajedrez en Madrid"]
[Source "lmi"]
[SourceDate "2014.09.28"]
[SourceVersion "1"]
[SourceVersionDate "2014.12.18"]
[SourceQuality "1"]

1. d4 b6 2. e4 Bb7 3. Bd3 Nc6 4. Ne2 Nb4 5. O-O Nf6 6. a3 Nxd3 7. cxd3 e6 8.
Nbc3 Be7 9. Bg5 h6 10. Bh4 Nh5 11. Bxe7 Qxe7 12. b4 O-O 13. Rc1 a5 14. Qb3 axb4
15. axb4 Qg5 16. f4 Qg4 17. h3 Qh4 18. Nb5 c6 19. Nd6 Ba6 20. Kh2 Nf6 21. Kg1
Ne8 22. Nxe8 Rfxe8 23. f5 Qg5 24. Rf3 exf5 25. e5 Qd2 26. Rc2 Qd1+ 27. Kh2 Re7
28. Nf4 Kh7 29. Nh5 Bb5 30. Rc3 Qe1 31. Rxf5 Ra1 32. Rc2 Qg1+ 33. Kg3 Qxd4 34.
Qb2 Qxb2 35. Rxb2 Bxd3 36. Rf3 Bc4 37. Re3 Ra2 38. Rb1 b5 39. h4 Rd2 40. Kh3
Rd4 41. Rg3 Rd3 42. Re1 Rxg3+ 43. Kxg3 d6 44. Kf4 dxe5+ 45. Rxe5 Rxe5 46. Kxe5
g5 47. g3 Kg6 48. Nf6 gxh4 49. gxh4 Be6 50. Ng8 Kh5 51. Kf6 c5 52. bxc5 b4 53.
Ke7 b3 54. Kd6 b2 55. Nf6+ Kxh4 0-1

[Event "23. Torneo San Viator"]
[Site "Madrid ESP"]
[Date "2014.11.09"]
[Round "7.19"]
[White "Cano Mercado, Francisco Manuel"]
[Black "Tevar Becerra, Alvaro"]
[Result "1-0"]
[WhiteElo "1885"]
[BlackElo "1556"]
[PlyCount "31"]
[EventDate "2014.09.28"]
[EventType "swiss"]
[EventRounds "9"]
[EventCountry "ESP"]
[SourceTitle "Ajedrez en Madrid"]
[Source "lmi"]
[SourceDate "2014.09.28"]
[SourceVersion "1"]
[SourceVersionDate "2014.12.18"]
[SourceQuality "1"]

1. d4 Nf6 2. Nc3 g6 3. e4 d6 4. f4 Bg7 5. Nf3 O-O 6. Bd3 c5 7. d5 e6 8. O-O
exd5 9. exd5 Qb6 10. Na4 c4+ 11. Nxb6 axb6 12. Bxc4 Ne4 13. c3 Bf5 14. Be3 Nd7
15. Bd4 f6 16. Nh4 1-0

[Event "23. Torneo San Viator"]
[Site "Madrid ESP"]
[Date "2014.11.09"]
[Round "7.20"]
[White "Tevar Sanz, Gonzalo"]
[Black "Aguilera Lopez, Alejandro"]
[Result "1/2-1/2"]
[WhiteElo "1773"]
[BlackElo "1867"]
[PlyCount "73"]
[EventDate "2014.09.28"]
[EventType "swiss"]
[EventRounds "9"]
[EventCountry "ESP"]
[SourceTitle "Ajedrez en Madrid"]
[Source "lmi"]
[SourceDate "2014.09.28"]
[SourceVersion "1"]
[SourceVersionDate "2014.12.18"]
[SourceQuality "1"]

1. d4 d5 2. Bf4 Bf5 3. e3 e6 4. Nf3 Nf6 5. Ne5 Nbd7 6. Nd2 c6 7. Ndf3 Ne4 8.
Nxd7 Qxd7 9. Ne5 Qd8 10. c3 f6 11. Nf3 Bd6 12. Bxd6 Nxd6 13. Nh4 Qb6 14. Nxf5
Nxf5 15. Qb3 Nd6 16. Bd3 e5 17. dxe5 fxe5 18. O-O O-O-O 19. Rac1 Rhf8 20. Qxb6
axb6 21. f3 h6 22. a4 Kc7 23. b3 c5 24. Be2 g5 25. Rcd1 Nf5 26. Kf2 d4 27. cxd4
exd4 28. exd4 Rxd4 29. Rxd4 Nxd4 30. Bc4 Re8 31. Re1 Kc6 32. Re3 Rxe3 33. Kxe3
Kd6 34. g3 Nf5+ 35. Kf2 Ne7 36. Ke3 Nf5+ 37. Kd3 1/2-1/2

[Event "23. Torneo San Viator"]
[Site "Madrid ESP"]
[Date "2014.11.09"]
[Round "7.21"]
[White "Sahuquillo Cruz, Alejandro"]
[Black "Linares Leyva, David"]
[Result "1/2-1/2"]
[WhiteElo "1766"]
[BlackElo "1841"]
[PlyCount "85"]
[EventDate "2014.09.28"]
[EventType "swiss"]
[EventRounds "9"]
[EventCountry "ESP"]
[SourceTitle "Ajedrez en Madrid"]
[Source "lmi"]
[SourceDate "2014.09.28"]
[SourceVersion "1"]
[SourceVersionDate "2014.12.18"]
[SourceQuality "1"]

1. e4 e6 2. d4 d5 3. Nd2 Nf6 4. e5 Nfd7 5. Bd3 c5 6. c3 Nc6 7. Ne2 cxd4 8. cxd4
f6 9. exf6 Nxf6 10. Nf3 Bd6 11. O-O O-O 12. Bg5 a6 13. Bh4 Qc7 14. Bg3 Nh5 15.
Qc2 Nf6 16. Rac1 Bxg3 17. Nxg3 g6 18. Rfe1 Qg7 19. Qd2 Ng4 20. h3 Rxf3 21. gxf3
Nxd4 22. Kg2 Ne5 23. Be2 Nec6 24. f4 Bd7 25. Bd3 Rf8 26. Ne2 Nxe2 27. Bxe2 Qf6
28. Kg3 Nd4 29. f3 Nf5+ 30. Kh2 d4 31. Rc4 Bb5 32. Rb4 Qh4 33. Rg1 Bxe2 34.
Qxe2 Qxf4+ 35. Kh1 Ng3+ 36. Rxg3 Qxg3 37. Qxe6+ Kh8 38. Rb3 Qf4 39. Kg2 Qg5+
40. Kh2 Qd2+ 41. Kh1 Qf4 42. Kg2 Qc7 43. Qd5 1/2-1/2

[Event "23. Torneo San Viator"]
[Site "Madrid ESP"]
[Date "2014.11.09"]
[Round "7.22"]
[White "Rodriguez Alonso, Marcos"]
[Black "Camarero Izquierdo, Juan Carlo"]
[Result "0-1"]
[WhiteElo "1746"]
[BlackElo "1836"]
[PlyCount "76"]
[EventDate "2014.09.28"]
[EventType "swiss"]
[EventRounds "9"]
[EventCountry "ESP"]
[SourceTitle "Ajedrez en Madrid"]
[Source "lmi"]
[SourceDate "2014.09.28"]
[SourceVersion "1"]
[SourceVersionDate "2014.12.18"]
[SourceQuality "1"]

1. e4 c5 2. Nf3 d6 3. d4 cxd4 4. Nxd4 Nf6 5. Nc3 a6 6. Be2 e6 7. Be3 Be7 8. O-O
O-O 9. f4 Nbd7 10. Nb3 b5 11. a3 Bb7 12. Bf3 Rc8 13. Qe2 Qc7 14. Qf2 Nc5 15.
Nxc5 dxc5 16. Rac1 b4 17. axb4 cxb4 18. Bb6 Qxf4 19. Ne2 Qb8 20. Ng3 Rc4 21. b3
Rcc8 22. Rfd1 Qa8 23. Qe3 Rc3 24. Qe2 a5 25. Bd4 Bc5 26. Kh1 Bxd4 27. Rxd4 Rfc8
28. Qd2 h6 29. Ne2 R3c5 30. Qd3 e5 31. Rc4 Ba6 32. Rxc5 Bxd3 33. Rxc8+ Qxc8 34.
cxd3 Qd8 35. Rd1 Qc7 36. d4 Qc2 37. Rc1 Qxb3 38. dxe5 Nd7 0-1

[Event "23. Torneo San Viator"]
[Site "Madrid ESP"]
[Date "2014.11.09"]
[Round "7.23"]
[White "Vazquez Gonzalez, Francisco"]
[Black "Cuellar Gutierrez, Raul"]
[Result "0-1"]
[WhiteElo "1975"]
[BlackElo "1690"]
[PlyCount "64"]
[EventDate "2014.09.28"]
[EventType "swiss"]
[EventRounds "9"]
[EventCountry "ESP"]
[SourceTitle "Ajedrez en Madrid"]
[Source "lmi"]
[SourceDate "2014.09.28"]
[SourceVersion "1"]
[SourceVersionDate "2014.12.18"]
[SourceQuality "1"]

1. e4 e6 2. d4 d5 3. e5 c5 4. c3 Nc6 5. Be3 c4 6. Nf3 Nge7 7. Be2 Nf5 8. O-O
Nxe3 9. fxe3 Be7 10. b3 cxb3 11. axb3 O-O 12. Bd3 Bd7 13. Qc2 h6 14. Qe2 a6 15.
Nbd2 Rc8 16. Rac1 Rc7 17. Bb1 Qc8 18. Qd3 g6 19. h3 Nb4 20. Qe2 Rxc3 21. Rce1
Bb5 22. Qf2 Bxf1 23. Rxf1 Rc1 24. Ne1 Qc3 25. h4 Bxh4 26. Qxh4 Qxd2 27. Bxg6
Qxe3+ 28. Kh2 Qg5 29. Qh3 Qxg6 30. Rf6 Qg5 31. Rxh6 Qf4+ 32. g3 Qf2+ 0-1

[Event "23. Torneo San Viator"]
[Site "Madrid ESP"]
[Date "2014.11.09"]
[Round "7.24"]
[White "Blanco Ruiz, Cesar"]
[Black "Lopez Ziegler, Carlos"]
[Result "0-1"]
[WhiteElo "1657"]
[BlackElo "1954"]
[PlyCount "58"]
[EventDate "2014.09.28"]
[EventType "swiss"]
[EventRounds "9"]
[EventCountry "ESP"]
[SourceTitle "Ajedrez en Madrid"]
[Source "lmi"]
[SourceDate "2014.09.28"]
[SourceVersion "1"]
[SourceVersionDate "2014.12.18"]
[SourceQuality "1"]

1. d4 d5 2. Bg5 Nf6 3. Bxf6 exf6 4. e3 Bd6 5. g3 c6 6. Nd2 Qb6 7. Qc1 Be6 8.
Bg2 Nd7 9. Ne2 h5 10. h4 Qa6 11. b3 Bg4 12. Bf3 f5 13. Nf4 Nf6 14. Be2 Bxe2 15.
Nxe2 Ne4 16. c3 Qd3 17. Nxe4 fxe4 18. Qd2 Qa6 19. b4 Qb6 20. O-O Qd8 21. Rfd1
g5 22. hxg5 h4 23. Kg2 Qxg5 24. Rh1 O-O-O 25. c4 Qg4 26. Kf1 Qf3 27. Rh2 hxg3
28. Rg2 Rh2 29. Rxg3 Qxf2# 0-1

[Event "23. Torneo San Viator"]
[Site "Madrid ESP"]
[Date "2014.11.09"]
[Round "7.25"]
[White "Martos De La Vega, Alvar"]
[Black "Corral Sanchez, Jesus"]
[Result "1-0"]
[WhiteElo "1951"]
[BlackElo "1605"]
[PlyCount "39"]
[EventDate "2014.09.28"]
[EventType "swiss"]
[EventRounds "9"]
[EventCountry "ESP"]
[SourceTitle "Ajedrez en Madrid"]
[Source "lmi"]
[SourceDate "2014.09.28"]
[SourceVersion "1"]
[SourceVersionDate "2014.12.18"]
[SourceQuality "1"]

1. d4 d5 2. c4 c6 3. Nf3 Nf6 4. e3 e6 5. b3 Be7 6. Bd3 Nbd7 7. O-O O-O 8. Bb2
a6 9. Qc2 h6 10. Nc3 b5 11. c5 e5 12. Nxe5 Nxe5 13. dxe5 Nd7 14. Ne2 Bxc5 15.
Bf5 Qe7 16. Rac1 Ba3 17. Bxa3 Qxa3 18. Qxc6 Ra7 19. e6 fxe6 20. Qxe6+ 1-0